000 00389nam a2200157Ia 4500
005 20250508153002.0
008 008 250505s9999 xx 000 0 urd d
037 _aTextual
040 _aFEDL
_beng
_cFEDL
041 _aurd
_2eng
084 _a910, SOH
_qFEDL
100 _aSohan Lal
245 0 _aModern geography
942 _cTEXL
_h910, SOH
999 _c1339990
_d1339990